[Event "Moscow op-F 13th"]
[Site "Moscow"]
[Date "2017.02.01"]
[Round "6"]
[White "Subbotsky, Mikhail"]
[Black "Lojko, Alexej"]
[Result "1/2-1/2"]
[WhiteElo "2019"]
[BlackElo "2273"]
[PlyCount "85"]
[EventDate "2017.01.27"]
[EventType "swiss"]
[EventRounds "9"]
[EventCountry "RUS"]
[SourceTitle "CBM 176 Extra"]
[Source "ChessBase"]
[SourceDate "2017.03.02"]
[SourceVersion "1"]
[SourceVersionDate "2017.03.02"]
[SourceQuality "1"]

1. d4 d5 2. c4 e6 3. Nf3 c5 4. cxd5 exd5 5. g3 Nc6 6. Bg2 Nf6 7. Nc3 cxd4 8. Nxd4 Be7 9. 0-0 0-0 10. Bf4 Qb6 11. Nb3 Rd8 12. Rc1 Be6 13. Qc2 Nb4 14. Qb1 Nxa2 15. Qxa2 d4 16. Na4 Qxb3 17. Qxb3 Bxb3 18. Nc5 Bxc5 19. Rxc5 b6 20. Rcc1 Bd5 21. Bh3 Re8 22. e3 dxe3 23. Bxe3 Be6 24. Bg2 Rac8 25. Ra1 Re7 26. Rfd1 h6 27. Rdc1 Rxc1+ 28. Rxc1 Bd5 29. Rc8+ Kh7 30. Bh3 Bf3 31. Rc1 Kg6 32. Bf1 Be4 33. h4 Rd7 34. Bb5 Rd5 35. Be2 h5 36. f3 Bd3 37. Bd1 Kf5 38. Kf2 Rd6 39. Bb3 Rd7 40. Rd1 Ke5 41. Bf4+ Kd4 42. Be3+ Ke5 43. Bf4+ 1/2-1/2

[Event "World Amateur-ch U2300"]
[Site "Chalkidiki"]
[Date "2016.04.21"]
[Round "3"]
[White "Subbotsky, Mikhail"]
[Black "Lam, Daniel King Wai"]
[Result "0-1"]
[WhiteElo "2014"]
[BlackElo "2164"]
[PlyCount "204"]
[EventDate "2016.04.19"]
[EventType "swiss"]
[EventRounds "9"]
[EventCountry "GRE"]
[SourceTitle "CBM 172 Extra"]
[Source "ChessBase"]
[SourceDate "2016.06.21"]
[SourceVersion "1"]
[SourceVersionDate "2016.06.21"]
[SourceQuality "1"]

1. d4 Nf6 2. c4 g6 3. Nc3 Bg7 4. e4 d6 5. Be2 0-0 6. Nf3 e5 7. 0-0 Nbd7 8. d5 Nc5 9. Qc2 a5 10. Ne1 Ne8 11. Nd3 f5 12. Nxc5 dxc5 13. Be3 b6 14. f4 Nd6 15. Rae1 fxe4 16. Nxe4 Nxe4 17. Qxe4 Bf5 18. Qf3 e4 19. Qf2 Bxb2 20. g4 Bd7 21. Kh1 Qf6 22. Qg3 Rae8 23. h3 Kh8 24. g5 Qf5 25. Bg4 Qf7 26. Kg2 Bd4 27. Rd1 Bxe3 28. Qxe3 Bf5 29. Kg3 Rd8 30. Rfe1 Rfe8 31. Qc3+ Qg7 32. Qxg7+ Kxg7 33. Bxf5 gxf5 34. Kf2 a4 35. a3 Rd6 36. h4 Red8 37. h5 b5 38. cxb5 Rb8 39. Rb1 Rxd5 40. Red1 Rd3 41. Rxd3 exd3 42. Ke3 Rd8 43. Kd2 Rd4 44. Kc3 Rxf4 45. Kxd3 h6 46. gxh6+ Kxh6 47. Re1 Kxh5 48. Re7 Rf3+ 49. Kc4 Rxa3 50. Rxc7 Ra1 51. b6 Rc1+ 52. Kb5 a3 53. Ra7 Rc3 54. b7 Rb3+ 55. Kc6 c4 56. Ra5 Kg4 57. Rb5 Rxb5 58. Kxb5 a2 59. b8Q a1Q 60. Kxc4 Qf1+ 61. Kc3 Qf3+ 62. Kc2 Qe2+ 63. Kc3 f4 64. Qg8+ Kf3 65. Qd5+ Kf2 66. Qg5 Qe3+ 67. Kc2 f3 68. Qh4+ Kf1 69. Qh1+ Ke2 70. Qd1+ Kf2 71. Qh1 Qe2+ 72. Kb3 Qd3+ 73. Kb2 Ke3 74. Qh6+ Ke2 75. Qh5 Ke1 76. Qh1+ Qf1 77. Qh8 Qe2+ 78. Kc1 Qc4+ 79. Kb1 Qe4+ 80. Ka1 f2 81. Qc3+ Ke2 82. Qb2+ Kf3 83. Qf6+ Kg3 84. Qg7+ Qg4 85. Qc3+ Kg2 86. Qc6+ Kg1 87. Qc5 Qd1+ 88. Kb2 Qd2+ 89. Ka1 Kg2 90. Qc6+ Kg3 91. Qg6+ Kf3 92. Qh5+ Ke3 93. Qe5+ Kd3 94. Qb5+ Kc2 95. Qa4+ Kc1 96. Qc4+ Kd1 97. Qf1+ Kc2 98. Qb1+ Kc3 99. Qb5 Qd1+ 100. Ka2 f1Q 101. Qe5+ Qd4 102. Qc5+ Qfc4+ 0-1

[Event "Kaluga Tsiolkovsky Memorial op"]
[Site "Kaluga"]
[Date "2012.07.30"]
[Round "1"]
[White "Kovalenko, Igor"]
[Black "Subbotsky, Mikhail"]
[Result "1-0"]
[WhiteElo "2556"]
[BlackElo "2031"]
[PlyCount "81"]
[EventDate "2012.07.30"]
[EventType "swiss"]
[EventRounds "9"]
[EventCountry "RUS"]
[SourceTitle "EXT 2014"]
[Source "ChessBase"]
[SourceDate "2013.11.20"]
[SourceVersion "1"]
[SourceVersionDate "2013.11.20"]
[SourceQuality "1"]

1. e4 c5 2. Nf3 d6 3. d4 cxd4 4. Nxd4 Nf6 5. Nc3 a6 6. Bg5 e6 7. f4 Be7 8. Qf3 Nc6 9. 0-0-0 Qc7 10. Nxc6 bxc6 11. e5 dxe5 12. fxe5 Nd5 13. Bxe7 Qxe7 14. Ne4 0-0 15. c4 Nb6 16. Bd3 Nd7 17. Qg3 f6 18. exf6 Nxf6 19. Qh4 Bb7 20. Rhe1 e5 21. Nd6 h6 22. Qg3 Kh8 23. c5 e4 24. Bxe4 Nxe4 25. Rxe4 Qc7 26. Rde1 Qa5 27. Nxb7 Qxa2 28. Re7 Rg8 29. Nd6 Raf8 30. R7e6 a5 31. Qc3 Kh7 32. Qd3+ Kh8 33. Qd4 Kh7 34. g4 a4 35. g5 a3 36. Qd3+ Kh8 37. Qxa3 Qd5 38. gxh6 Rf3 39. hxg7+ Kh7 40. Qb4 Qg5+ 41. Kb1 1-0

[Event "Varna op 6th"]
[Site "Varna"]
[Date "2012.07.20"]
[Round "9"]
[White "Kostadinov, Teodosi"]
[Black "Subbotsky, Mikhail"]
[Result "0-1"]
[WhiteElo "2214"]
[BlackElo "2031"]
[PlyCount "138"]
[EventDate "2012.07.11"]
[EventType "swiss"]
[EventRounds "9"]
[EventCountry "BUL"]
[SourceTitle "CBM 149 Extra"]
[Source "ChessBase"]
[SourceDate "2012.08.24"]
[SourceVersion "1"]
[SourceVersionDate "2012.08.24"]
[SourceQuality "1"]

1. d4 d5 2. c4 e6 3. Nc3 c6 4. e3 f5 5. Nf3 Nf6 6. Be2 Bd6 7. 0-0 0-0 8. Rb1 Ne4 9. c5 Bc7 10. Nd2 Rf6 11. f4 Nxd2 12. Bxd2 Rh6 13. Qe1 Nd7 14. b4 Nf6 15. a4 Kh8 16. g3 Bd7 17. Bf3 Be8 18. Nd1 Bh5 19. Bg2 Bg4 20. Nf2 Qe8 21. Nxg4 fxg4 22. Qe2 Qh5 23. Bh1 Qf5 24. Rb2 Rg6 25. Bc3 h5 26. Re1 Ne4 27. Bxe4 dxe4 28. Rc1 h4 29. Be1 hxg3 30. Bxg3 Rh6 31. Rf1 Rf8 32. Rf2 Rh3 33. Qd1 Rf6 34. Rg2 Rfh6 35. Rbf2 Bd8 36. Rb2 Bh4 37. Qe1 Qh7 38. Qf2 Bxg3 39. Rxg3 Rxg3+ 40. Qxg3 Qf5 41. Rg2 Rh3 42. Qf2 Kg8 43. Rg3 Qh5 44. Qg2 Rxg3 45. Qxg3 Kf7 46. Qg2 Qf5 47. b5 Kf6 48. Qb2 Qd5 49. Kf2 Kf5 50. Qe2 Qb3 51. a5 cxb5 52. Kg3 b4 53. Kh4 Qd3 54. Qxg4+ Kf6 55. Qg5+ Kf7 56. f5 exf5 57. Qxf5+ Kg8 58. a6 Qxa6 59. Qxe4 Qf6+ 60. Kg4 b3 61. Qxb7 Qg6+ 62. Kh3 Qh6+ 63. Kg2 Qg6+ 64. Kh3 Qf5+ 65. Kh4 Qf2+ 66. Kg4 b2 67. Qd5+ Kh8 68. Qd8+ Kh7 69. Qe8 b1Q 0-1

[Event "Varna op 6th"]
[Site "Varna"]
[Date "2012.07.17"]
[Round "6"]
[White "Schmidek, Emil"]
[Black "Subbotsky, Mikhail"]
[Result "1-0"]
[WhiteElo "1812"]
[BlackElo "2031"]
[PlyCount "81"]
[EventDate "2012.07.11"]
[EventType "swiss"]
[EventRounds "9"]
[EventCountry "BUL"]
[SourceTitle "CBM 149 Extra"]
[Source "ChessBase"]
[SourceDate "2012.08.24"]
[SourceVersion "1"]
[SourceVersionDate "2012.08.24"]
[SourceQuality "1"]

1. e4 c5 2. Nf3 d6 3. d4 cxd4 4. Nxd4 Nf6 5. Nc3 a6 6. Bd3 Nc6 7. Nb3 e6 8. 0-0 Be7 9. f4 0-0 10. Qf3 Qc7 11. Bd2 b5 12. Rae1 Bb7 13. Qh3 Rfd8 14. g4 Nd7 15. Nd5 exd5 16. exd5 Nf8 17. dxc6 Bxc6 18. Ba5 Qa7+ 19. Qe3 Qxe3+ 20. Rxe3 Re8 21. Rfe1 Bf6 22. Rxe8 Rxe8 23. Rxe8 Bxe8 24. c3 g6 25. Be4 Ne6 26. f5 gxf5 27. gxf5 Ng7 28. Bb7 Nxf5 29. Bxa6 Bc6 30. Bc8 Ne3 31. Nd4 Bd5 32. b3 Kf8 33. Nxb5 Ke7 34. Bb4 Be5 35. c4 Be4 36. c5 Kd8 37. Bh3 Nc2 38. Ba5+ Ke7 39. cxd6+ Bxd6 40. Nxd6 Kxd6 41. Kf2 1-0

[Event "Varna op 6th"]
[Site "Varna"]
[Date "2012.07.16"]
[Round "5"]
[White "Subbotsky, Mikhail"]
[Black "Tachev, Kamen"]
[Result "1-0"]
[WhiteElo "2031"]
[BlackElo "1682"]
[PlyCount "69"]
[EventDate "2012.07.11"]
[EventType "swiss"]
[EventRounds "9"]
[EventCountry "BUL"]
[SourceTitle "CBM 149 Extra"]
[Source "ChessBase"]
[SourceDate "2012.08.24"]
[SourceVersion "1"]
[SourceVersionDate "2012.08.24"]
[SourceQuality "1"]

1. d4 Nf6 2. c4 e6 3. Nc3 c5 4. d5 d6 5. e4 Be7 6. g3 e5 7. Bg2 Nbd7 8. Nge2 Nb6 9. Qd3 Bd7 10. 0-0 Na4 11. f4 exf4 12. gxf4 Nxc3 13. Nxc3 Qc7 14. Re1 0-0 15. e5 Ne8 16. b3 g6 17. Bb2 Bf5 18. Be4 Bxe4 19. Nxe4 Qd7 20. Qc3 Qg4+ 21. Kh1 f6 22. exd6 Bxd6 23. Nxd6 Nxd6 24. Re6 Qxf4 25. Rae1 Rae8 26. Qh3 Rxe6 27. Qxe6+ Rf7 28. Bc1 Qf3+ 29. Kg1 Nf5 30. Qe4 Qxe4 31. Rxe4 Ne7 32. Bf4 Nf5 33. Bb8 a6 34. Ba7 Kg7 35. Bxc5 1-0

[Event "Varna op 5th"]
[Site "Varna"]
[Date "2011.07.07"]
[Round "6"]
[White "Subbotsky, Mikhail"]
[Black "Legky, Nikolay A"]
[Result "0-1"]
[WhiteElo "1984"]
[BlackElo "2430"]
[PlyCount "44"]
[EventDate "2011.07.03"]
[EventType "swiss"]
[EventRounds "9"]
[EventCountry "BUL"]
[SourceTitle "CBM 143 Extra"]
[Source "ChessBase"]
[SourceDate "2011.08.29"]
[SourceVersion "1"]
[SourceVersionDate "2011.08.29"]
[SourceQuality "1"]

1. d4 d5 2. c4 e6 3. Nc3 Nf6 4. cxd5 exd5 5. Bg5 c6 6. e3 Qb6 7. Qc2 Ne4 8. Nxe4 dxe4 9. Qxe4+ Be6 10. 0-0-0 Qa5 11. f4 Qxa2 12. Bd3 f5 13. Qf3 Qa1+ 14. Kc2 Qa4+ 15. Kc1 Na6 16. Bxa6 Qxa6 17. e4 Qa1+ 18. Kc2 Qa4+ 19. Kc1 Bb3 20. Rd3 Qa1+ 21. Kd2 Bb4+ 22. Ke3 Qc1+ 0-1

[Event "Varna ETSCC 6th"]
[Site "Varna"]
[Date "2011.07.03"]
[Round "3.2"]
[White "Emdin, Mark"]
[Black "Subbotsky, Mikhail"]
[Result "1/2-1/2"]
[WhiteElo "2068"]
[BlackElo "1984"]
[PlyCount "47"]
[EventDate "2011.06.25"]
[EventType "swiss"]
[EventRounds "7"]
[EventCountry "BUL"]
[SourceTitle "EXT 2012"]
[Source "ChessBase"]
[SourceDate "2011.11.24"]
[SourceVersion "1"]
[SourceVersionDate "2011.11.24"]
[SourceQuality "1"]

1. e4 e6 2. d4 d5 3. e5 c5 4. c3 Qb6 5. Nf3 Nc6 6. a3 Bd7 7. b4 cxd4 8. cxd4 Rc8 9. Bb2 Nge7 10. Be2 Na5 11. Nc3 Nc4 12. Bxc4 dxc4 13. 0-0 Nd5 14. Ng5 Be7 15. Nge4 0-0 16. Nc5 Bc6 17. Qe2 Rfd8 18. Nxd5 Bxd5 19. f3 Qc6 20. Qc2 a5 21. Bc3 b6 22. Ne4 axb4 23. axb4 Ra8 24. Ng3 1/2-1/2

[Event "Varna ETSCC 6th"]
[Site "Varna"]
[Date "2011.07.02"]
[Round "2.2"]
[White "Subbotsky, Mikhail"]
[Black "Qadimbayli, Qoshgar"]
[Result "1-0"]
[WhiteElo "1984"]
[BlackElo "1824"]
[PlyCount "43"]
[EventDate "2011.06.25"]
[EventType "swiss"]
[EventRounds "7"]
[EventCountry "BUL"]
[SourceTitle "EXT 2012"]
[Source "ChessBase"]
[SourceDate "2011.11.24"]
[SourceVersion "1"]
[SourceVersionDate "2011.11.24"]
[SourceQuality "1"]

1. d4 d5 2. c4 e6 3. Nc3 c5 4. cxd5 exd5 5. Nf3 Nc6 6. Bf4 Bg4 7. Qb3 Bxf3 8. exf3 Qe7+ 9. Be2 Nxd4 10. Qxd5 Rd8 11. Qc4 Nc2+ 12. Kf1 Nxa1 13. Qa4+ Rd7 14. Nd5 Qh4 15. Bb5 Nf6 16. Nxf6+ Qxf6 17. Bxd7+ Ke7 18. Bb5 Qf5 19. g4 Qc2 20. Qa5 Kf6 21. Kg2 Qxb2 22. Qd8+ 1-0

[Event "Moscow-ch sf"]
[Site "Moscow"]
[Date "2011.03.13"]
[Round "1"]
[White "Subbotsky, Mikhail"]
[Black "Omariev, Maksim"]
[Result "0-1"]
[WhiteElo "1993"]
[BlackElo "2340"]
[PlyCount "68"]
[EventDate "2011.03.13"]
[EventType "swiss"]
[EventRounds "9"]
[EventCountry "RUS"]
[SourceTitle "CBM 141 Extra"]
[Source "ChessBase"]
[SourceDate "2011.05.03"]
[SourceVersion "1"]
[SourceVersionDate "2011.05.03"]
[SourceQuality "1"]

1. d4 d5 2. c4 e6 3. Nc3 Be7 4. Nf3 Nf6 5. Bg5 0-0 6. e3 h6 7. Bh4 b6 8. cxd5 exd5 9. Bd3 Bb7 10. 0-0 Nbd7 11. Rc1 c5 12. Bb1 Rc8 13. Qd3 Ne4 14. Bxe7 Qxe7 15. Rfd1 c4 16. Qc2 a6 17. Nd2 f5 18. Re1 b5 19. a3 Nb6 20. Ndxe4 dxe4 21. Ba2 Qd6 22. Ne2 a5 23. Nf4 Kh7 24. h4 g5 25. hxg5 hxg5 26. Nh3 Kg6 27. Qe2 Rh8 28. Bb1 Rh4 29. Qc2 Rch8 30. f3 Qg3 31. Kf1 Rxh3 32. gxh3 Rxh3 33. Qg2 Qh4 34. fxe4 fxe4 0-1

[Event "The Hopes of the World U14/16 7th"]
[Site "St Constantin and Helena"]
[Date "2010.06.29"]
[Round "7"]
[White "Subbotsky, Mikhail"]
[Black "Dragieva, Denitza"]
[Result "1/2-1/2"]
[WhiteElo "1954"]
[BlackElo "1782"]
[PlyCount "77"]
[EventDate "2010.06.23"]
[EventType "swiss"]
[EventRounds "7"]
[EventCountry "BUL"]
[SourceTitle "EXT 2012"]
[Source "ChessBase"]
[SourceDate "2011.11.24"]
[SourceVersion "1"]
[SourceVersionDate "2011.11.24"]
[SourceQuality "1"]

1. d4 d5 2. c4 e6 3. Nc3 c5 4. cxd5 exd5 5. Nf3 Nc6 6. g3 Nf6 7. Bg2 Be7 8. 0-0 0-0 9. Bg5 c4 10. Ne5 Be6 11. Nxc6 bxc6 12. b3 Qa5 13. Qc2 Rfd8 14. e3 Rac8 15. bxc4 dxc4 16. Ne4 Qf5 17. Rfd1 h6 18. Bxf6 Bxf6 19. Qa4 Rc7 20. Nxf6+ Qxf6 21. Bf1 c5 22. dxc5 Rxc5 23. Qxa7 Rdc8 24. Bg2 c3 25. Rdc1 c2 26. h4 Bd5 27. a4 Qd6 28. a5 Bxg2 29. Kxg2 Qc6+ 30. Kg1 Qf3 31. Qd7 Rb8 32. a6 Rd5 33. a7 Ra8 34. Qa4 Rd2 35. Rf1 h5 36. Qf4 Qb7 37. Qa4 Qf3 38. Qf4 Qb7 39. Qa4 1/2-1/2

[Event "The Hopes of the World U14/16 7th"]
[Site "St Constantin and Helena"]
[Date "2010.06.27"]
[Round "5"]
[White "Filatov, Semen"]
[Black "Subbotsky, Mikhail"]
[Result "1/2-1/2"]
[WhiteElo "1613"]
[BlackElo "1954"]
[PlyCount "43"]
[EventDate "2010.06.23"]
[EventType "swiss"]
[EventRounds "7"]
[EventCountry "BUL"]
[SourceTitle "EXT 2012"]
[Source "ChessBase"]
[SourceDate "2011.11.24"]
[SourceVersion "1"]
[SourceVersionDate "2011.11.24"]
[SourceQuality "1"]

1. e4 e6 2. d4 d5 3. Nc3 Nf6 4. Bg5 dxe4 5. Nxe4 Be7 6. Bxf6 gxf6 7. Nf3 a6 8. g3 b5 9. Bg2 Bb7 10. Qe2 Nd7 11. 0-0 f5 12. Ned2 Bf6 13. c3 0-0 14. Ne5 Bxg2 15. Kxg2 Nxe5 16. dxe5 Bxe5 17. Qxe5 Qxd2 18. Rad1 Qxb2 19. Qf6 h6 20. Rd4 Qd2 21. Ra1 Qb2 22. Rdd1 1/2-1/2

[Event "Varna op 4th"]
[Site "Varna"]
[Date "2010.06.17"]
[Round "6"]
[White "Dimov, Dian"]
[Black "Subbotsky, Mikhail"]
[Result "1-0"]
[WhiteElo "2301"]
[BlackElo "1954"]
[PlyCount "51"]
[EventDate "2010.06.12"]
[EventType "swiss"]
[EventRounds "9"]
[EventCountry "BUL"]
[SourceTitle "CBM 136 Extra"]
[Source "ChessBase"]
[SourceDate "2010.07.02"]
[SourceVersion "2"]
[SourceVersionDate "2010.07.15"]
[SourceQuality "1"]

1. e4 e6 2. Nf3 d5 3. e5 c5 4. b4 cxb4 5. a3 b3 6. cxb3 Bd7 7. Bd3 Nc6 8. 0-0 Nge7 9. Re1 Ng6 10. Nc3 Qc7 11. Bb2 Be7 12. Rc1 Rc8 13. Bb1 0-0 14. b4 a6 15. Na4 Qd8 16. Nc5 Bxc5 17. Rxc5 Nb8 18. Rxc8 Qxc8 19. Ng5 h6 20. Nxf7 Rxf7 21. Bxg6 Rf8 22. Bd4 Qc4 23. Bc5 Rc8 24. Qf3 Kh8 25. Bf8 Qc1 26. Bxg7+ 1-0

[Event "The Hopes of the World U12 6th"]
[Site "St Constantin and Helena"]
[Date "2009.06.28"]
[Round "7"]
[White "Subbotsky, Mikhail"]
[Black "Ivanova, Simoneta"]
[Result "1/2-1/2"]
[WhiteElo "1998"]
[BlackElo "1718"]
[PlyCount "33"]
[EventDate "2009.06.23"]
[EventType "swiss"]
[EventRounds "7"]
[EventCountry "BUL"]
[SourceTitle "EXT 2012"]
[Source "ChessBase"]
[SourceDate "2011.11.24"]
[SourceVersion "1"]
[SourceVersionDate "2011.11.24"]
[SourceQuality "1"]

1. d4 Nf6 2. Nc3 d5 3. Bg5 e6 4. e4 dxe4 5. Nxe4 Be7 6. Bxf6 Bxf6 7. Nf3 0-0 8. c3 Nd7 9. Bd3 Qe7 10. Qc2 g6 11. h4 c5 12. h5 cxd4 13. hxg6 fxg6 14. Nxf6+ Qxf6 15. cxd4 Kg7 16. 0-0-0 Qf4+ 17. Kb1 1/2-1/2

[Event "The Hopes of the World U12 6th"]
[Site "St Constantin and Helena"]
[Date "2009.06.24"]
[Round "3"]
[White "Vasenina, Anna"]
[Black "Subbotsky, Mikhail"]
[Result "1-0"]
[WhiteElo "1634"]
[BlackElo "1998"]
[PlyCount "67"]
[EventDate "2009.06.23"]
[EventType "swiss"]
[EventRounds "7"]
[EventCountry "BUL"]
[SourceTitle "EXT 2012"]
[Source "ChessBase"]
[SourceDate "2011.11.24"]
[SourceVersion "1"]
[SourceVersionDate "2011.11.24"]
[SourceQuality "1"]

1. e4 e6 2. d4 d5 3. Nc3 Nf6 4. Bg5 Be7 5. e5 Nfd7 6. h4 Bxg5 7. hxg5 Qxg5 8. Nh3 Qe7 9. Qg4 g6 10. Nf4 Nc6 11. 0-0-0 Nf8 12. Qg3 Qd8 13. Rh6 Ne7 14. Bd3 Bd7 15. Kb1 a6 16. a3 b5 17. Nh3 b4 18. axb4 Qb8 19. Qf4 Qxb4 20. Na2 Qb6 21. Ng5 Nf5 22. Bxf5 exf5 23. Rd3 Ne6 24. Nxe6 Bxe6 25. Rb3 Qa5 26. Nc3 Kd7 27. Ra3 Qb4 28. Na4 Rhb8 29. Nc5+ Kc6 30. Rb3 Qe1+ 31. Ka2 Rxb3 32. Nxb3 Qe4 33. Qd2 Rb8 34. f3 1-0

[Event "RUS-chB U12"]
[Site "Dagomys"]
[Date "2009.04.??"]
[Round "7"]
[White "Subbotsky, Mikhail"]
[Black "Lapin, Dmitriy1111"]
[Result "1/2-1/2"]
[WhiteElo "2010"]
[BlackElo "2118"]
[PlyCount "81"]
[EventDate "2009.04.15"]
[EventType "swiss"]
[EventRounds "9"]
[EventCountry "RUS"]
[SourceTitle "EXT 2012"]
[Source "ChessBase"]
[SourceDate "2011.11.24"]
[SourceVersion "1"]
[SourceVersionDate "2011.11.24"]
[SourceQuality "1"]

1. d4 d5 2. c4 e6 3. Nc3 c6 4. cxd5 exd5 5. Qc2 Bd6 6. Nf3 Ne7 7. Bg5 h6 8. Bh4 0-0 9. e3 Qb6 10. Bxe7 Bxe7 11. Bd3 Nd7 12. 0-0 Nf6 13. Rab1 Bd6 14. b4 Bg4 15. Nh4 Qd8 16. Nf5 Bxf5 17. Bxf5 a6 18. a4 Qc7 19. h3 g6 20. Bd3 Rac8 21. Rfc1 Kg7 22. Rb3 Qe7 23. b5 axb5 24. axb5 c5 25. dxc5 Rxc5 26. Qd1 Rfc8 27. Ne2 Rxc1 28. Nxc1 Qe5 29. g3 Qe6 30. Bf1 d4 31. Ne2 dxe3 32. Rxe3 Qd7 33. Rd3 Rd8 34. Nc3 Qe7 35. Nd5 Nxd5 36. Rxd5 Bc7 37. Rxd8 Qxd8 38. Qxd8 Bxd8 39. Bg2 b6 40. Kf1 Kf6 41. Ke2 1/2-1/2